Normal view
MARC view
- الانساب العربية-تاريخ
Entry Topical Term
001 - CONTROL NUMBER
- control field: 40494
003 - CONTROL NUMBER IDENTIFIER
- control field: JO-AjAnu
005 - DATE AND TIME OF LATEST TRANSACTION
- control field: 20230606080727.0
008 - FIXED-LENGTH DATA ELEMENTS
- fixed length control field: 230606|| aca||aabn | a|a d
040 ## - CATALOGING SOURCE
- Original cataloging agency: JO-AjAnu
- Transcribing agency: JO-AjAnu
150 ## - HEADING--TOPICAL TERM
- Topical term or geographic name entry element: الانساب العربية-تاريخ
670 ## - SOURCE DATA FOUND
- Source citation: Work cat.: (JO-AjAnu)20757: اعداد الطيب، محمد سليمان, author 40493, الإنصاف في تاريخ الأشراف في المغرب العربي : الادارسة